000 00577cam a22002291 4500
001 sa 65000273
003 DLC
005 20260227112102.0
008 890619m19639999ii c 000 0 orio
010 _asa 65000273
035 _a(OCoLC)19891769
040 _aDLC
_cWaU
_dDLC
042 _apremarc
043 _aa-ii---
050 0 0 _aPK2571
_b.D35
100 1 _aDāsa, Sūryyanārāẏaṇa.
245 1 0 _aOḍiā sāhityara itihāsa.
260 _c[1963-
300 _av.
_bport.
_c19 cm.
500 _aIn Oriya.
650 0 _aOriya literature
_xHistory and criticism.
999 _c61468
_d61468